Symphony no. 8 in G major "English" op. 88 Suite in A major "American" op 98b /

Hlavní autor: Dvořák, Antonín, 1841-1904
Korporativní autor: Filharmonici města Prahy
Další autoři: Klemens, Mario, 1936-2025, Válek, Vladimír, 1935-2025, Dvořák, Antonín, 1841-1904., Symfonický orchestr Českého rozhlasu
Vydáno: Praha : Zdeněk Nedvěd - Studio Fontána, p2008
Edice: Fontana music library. Classic collection
Témata:
Fyzický popis: 1 zvuková deska : digital, stereo ; 12 cm
Zvukové nahrávky
Uloženo v:
LEADER 02069njm a2200469 a 4500
001 000924544
003 CZ BrMZK
005 20191001103155.0
007 sd fsngnnmmned
008 081212s2008 xr mun?g????????? d
024 1 |a 8592443000102 
024 0 |a CZ-A61-08-105-00 
028 0 1 |a FNCC 005  |b Studio Fontána 
040 |a ABA001  |b cze  |d BOA001 
047 |a sy  |a su 
072 7 |a 785  |x Instrumentální hudba. Symfonická hudba. Hudba pro více nástrojů  |2 Konspekt  |9 9 
080 |a 78.082.1  |2 MRF 
080 |a 78.083.1  |2 MRF 
080 |a (086.76)  |2 MRF 
100 1 |a Dvořák, Antonín,  |d 1841-1904  |7 jn19981000826  |4 cmp 
240 1 0 |a Symfonie,  |n č. 8, op. 88,  |r G dur 
245 1 0 |a Symphony no. 8 in G major "English" op. 88  |h [zvukový záznam] ;  |b Suite in A major "American" op 98b /  |c Antonín Dvořák 
260 |a Praha :  |b Zdeněk Nedvěd - Studio Fontána,  |c p2008 
300 |a 1 zvuková deska :  |b digital, stereo ;  |c 12 cm 
490 1 |a Fontana music library. Classic collection 
500 |a Kompaktní deska (DDD) 
511 0 |a Filharmonici města Prahy, Mario Klemens, dirigent ; Symfonický orchestr Českého rozhlasu, Vladimír Válek, dirigent 
518 |a Nahráno ve studiu CNSO v prosinci 2007 (1-4) a v Dvořákově síni pražského Rudolfina v únoru 1995 
650 0 7 |a symfonie  |7 ph126358  |2 czenas 
650 0 7 |a suity  |7 ph321701  |2 czenas 
655 7 |a kompaktní desky  |7 fd201991  |2 czenas 
700 1 |a Klemens, Mario,  |d 1936-2025  |7 jn99240000447  |4 cnd 
700 1 |a Válek, Vladimír,  |d 1935-2025  |7 jn19981002376  |4 cnd 
700 1 2 |a Dvořák, Antonín,  |d 1841-1904.  |t Suity,  |m klavír,  |n op. 98,  |r A dur;  |o aranžmá  |7 aun2007387554 
710 2 |a Filharmonici města Prahy  |7 ko2004226064 
710 2 |a Symfonický orchestr Českého rozhlasu  |7 kn20030215002 
740 0 2 |a Suite in A major "American" op 98b 
830 0 |a Fontana music library.  |p Classic collection 
910 |a BOA001  |b CD-0014.955 
990 |a AV 
991 |b 200812 
996 6 |b 261H016606  |c CD-0014.955  |l MZK  |r Sklad / do 24 hodin  |n 0  |w 000924544  |u 000010  |a 1  |e BOA001  |j MZK50  |s P